Statistiques concernant Quel pays de chaque continent a le plus de côtes ?

Cliquez ici pour prendre le quiz!

Statistiques générales

  • Ce quiz a été pris 185 fois
  • Le résultat moyen est 5 sur 6

Statistiques - réponses

HintRéponse% Correct
Amérique du sudBrésil
98%
Amérique du nordCanada
98%
OcéanieAustralie
96%
EuropeNorvège
88%
AsieIndonésie
86%
AfriqueMadagascar
75%

Distribution des résultats

Percentile par nombre de réponses

% des personnes avec chaque résultat

Votre développement - résultats

Vous n’avez pas pris ce quiz